| 000 | 00515nam a22001577a 4500 | ||
|---|---|---|---|
| 005 | 20251108164302.0 | ||
| 008 | 250721s1994 xx 000 0 ara d | ||
| 082 | 1 | 4 | _a796.323/مهد |
| 100 | 1 | _aمهدي، أحمد كامل حسين | |
| 245 | 1 | 0 | _aكيف تصبح لاعب كرة سلة / |
| 264 | 1 |
_aالقاهره : _bمؤسسة مختار - دار عالم المعرفه للنشر و توزيع الكتب، _c1994. |
|
| 300 | _a130ص. | ||
| 650 | 1 | 7 | _aكرة السلة |
| 942 |
_2ddc _cBK |
||
| 999 |
_c8369 _d8369 |
||